The road to Galveston /

In the late 1880's a young boy travels from Colorado to Texas to find the father he has never seen.

Bibliographic Details
Main Author: Smith, Beatrice S.
Format: Book
Language:English
Published: Minneapolis, Minn. : Lerner Publications Co., [1973]
Subjects:

MARC

Tag First Indicator Second Indicator Subfields
LEADER 00000cam a2200000 a 4500
001 in00000097653
005 20150924085337.0
008 740405s1973 mnu j 00011 engm
010 |a  72007657  
020 |a 0822507552 :  |c $5.95 
035 |a (OCoLC)00873665 
035 |9 AAK9277AM 
040 |a DLC  |c DLC  |d m.c.  |d TXA  |d UtOrBLW 
049 |a [Curr Col] TXAM  |c [388867] 
050 0 0 |a PZ7 S64323  |b  Ro 
082 0 |a [Fic] 
100 1 |a Smith, Beatrice S. 
245 1 4 |a The road to Galveston /  |c Beatrice S. Smith. 
264 1 |a Minneapolis, Minn. :  |b Lerner Publications Co.,  |c [1973] 
264 4 |c ©1973 
300 |a 127 pages ;  |c 23 cm. 
336 |a text  |b txt  |2 rdacontent 
337 |a unmediated  |b n  |2 rdamedia 
338 |a volume  |b nc  |2 rdacarrier 
520 |a In the late 1880's a young boy travels from Colorado to Texas to find the father he has never seen. 
650 1 |a Fathers and sons  |x Fiction. 
999 |a MARS 
999 f f |s 9bd1bce4-277f-38b1-8a80-c41f6dcdf446  |i 06cc87a9-369e-3402-b68f-ee79af668719  |t 0 
952 f f |p ric  |a Texas A&M University  |b Rellis Campus  |c Joint Library Facility  |d Remote Storage  |t 0  |e PZ7 S64323 Ro  |h Library of Congress classification  |i unmediated -- volume  |m A14806016983 
998 f f |a PZ7 S64323 Ro  |t 0  |l Remote Storage